[Event "Donner Memorial op"]
[Site "Amsterdam"]
[Date "1995.??.??"]
[Round "7"]
[White "Van der Wiel, John"]
[Black "De Boer, Gert Jan"]
[Result "1/2-1/2"]
[WhiteElo "2545"]
[BlackElo "2425"]
[PlyCount "70"]
[EventDate "1995.08.??"]
[EventType "swiss"]
[EventRounds "11"]
[EventCountry "NED"]
[SourceTitle "EXT 1997"]
[Source "ChessBase"]
[SourceDate "1996.11.15"]
[SourceVersion "1"]
[SourceVersionDate "1996.11.15"]
[SourceQuality "1"]

1. e4 c5 2. Nf3 d6 3. d4 cxd4 4. Qxd4 a6 5. Bg5 Nc6 6. Qd2 Nf6 7. Nc3 e6 8. 0-0-0 Be7 9. Bf4 Ng4 10. h3 Nge5 11. Nxe5 Nxe5 12. Be3 Qc7 13. f4 Nc4 14. Bxc4 Qxc4 15. Bb6 0-0 16. Qe3 Qc6 17. Kb1 Re8 18. Rd2 a5 19. Rhd1 Ra6 20. Bd4 b5 21. Qg3 g6 22. Re1 Bb7 23. Nd1 Raa8 24. Nf2 h5 25. Qh2 Rad8 26. g4 h4 27. g5 e5 28. Be3 d5 29. Ng4 dxe4 30. fxe5 Rxd2 31. Qxd2 Bc8 32. Nf6+ Bxf6 33. gxf6 Rxe5 34. Bd4 Rh5 35. Qxa5 Rd5 1/2-1/2

[Event "Groningen op"]
[Site "Groningen"]
[Date "1994.??.??"]
[Round "1"]
[White "De Boer, Gert Jan"]
[Black "Grabuzova, Tatiana"]
[Result "1/2-1/2"]
[WhiteElo "2435"]
[BlackElo "2380"]
[PlyCount "77"]
[EventDate "1994.12.??"]
[EventType "swiss"]
[EventRounds "11"]
[EventCountry "NED"]
[SourceTitle "EXT 1997"]
[Source "ChessBase"]
[SourceDate "1996.11.15"]
[SourceVersion "1"]
[SourceVersionDate "1996.11.15"]
[SourceQuality "1"]

1. e4 e6 2. d4 d5 3. Nd2 c5 4. Ngf3 cxd4 5. exd5 Qxd5 6. Bc4 Qd6 7. 0-0 Nc6 8. Re1 Bd7 9. Nb3 0-0-0 10. Qe2 Qc7 11. c3 dxc3 12. bxc3 Kb8 13. Rb1 Ka8 14. Be3 Nf6 15. Nbd4 Nxd4 16. Nxd4 Bc5 17. Qb2 e5 18. Nc2 Bxe3 19. Nxe3 Bc6 20. Bb5 Bxb5 21. Qxb5 Rhe8 22. Rb4 Re6 23. Nc4 Nd5 24. Rb3 Nb6 25. Nxb6+ Rxb6 26. Qa5 Rc6 27. Qb4 Rc4 28. Qa3 Qd6 29. Qa5 Qc7 30. Qa3 e4 31. Qb2 Rd3 32. g3 f5 33. Rb1 b6 34. Qa3 Qd6 35. Qa6 Rd1+ 36. Kg2 Rc6 37. Rxd1 Qxd1 38. Rxb6 Rxb6 39. Qc8+ 1/2-1/2

[Event "Groningen op"]
[Site "Groningen"]
[Date "1994.??.??"]
[Round "5"]
[White "De Boer, Gert Jan"]
[Black "Oei, Hway Ik"]
[Result "1-0"]
[WhiteElo "2435"]
[BlackElo "2265"]
[PlyCount "79"]
[EventDate "1994.12.??"]
[EventType "swiss"]
[EventRounds "11"]
[EventCountry "NED"]
[SourceTitle "EXT 1997"]
[Source "ChessBase"]
[SourceDate "1996.11.15"]
[SourceVersion "1"]
[SourceVersionDate "1996.11.15"]
[SourceQuality "1"]

1. c4 c5 2. Nf3 Nf6 3. g3 b6 4. Bg2 Bb7 5. 0-0 e6 6. Nc3 d6 7. d4 cxd4 8. Qxd4 a6 9. b3 Nbd7 10. e4 Qc7 11. Rd1 Be7 12. Ba3 Nc5 13. e5 dxe5 14. Qxe5 Rc8 15. Qxc7 Rxc7 16. Bc1 Nfe4 17. Nxe4 Bxe4 18. Bf4 Rc8 19. Bd6 Nd3 20. Bxe7 Kxe7 21. Nd4 Bxg2 22. Kxg2 Nc5 23. Kf3 g6 24. Ke3 Rhd8 25. f4 Rd6 26. Rd2 f5 27. Rad1 Nb7 28. h3 Kf6 29. g4 Rcd8 30. g5+ Ke7 31. h4 Kf7 32. b4 Rc8 33. Nf3 Ke7 34. Ne5 Rxd2 35. Rxd2 Nd6 36. Rc2 Ne4 37. Nd3 Nd6 38. c5 Nb5 39. cxb6 Rb8 40. a4 1-0

[Event "Tilburg"]
[Site "Tilburg"]
[Date "1994.??.??"]
[Round "1"]
[White "De Boer, Gert Jan"]
[Black "Vladimirov, Yevgeniy"]
[Result "1/2-1/2"]
[WhiteElo "2435"]
[BlackElo "2580"]
[PlyCount "55"]
[EventDate "1994.09.??"]
[EventType "k.o."]
[EventRounds "7"]
[EventCountry "NED"]
[SourceTitle "CBM 044"]
[Source "ChessBase"]
[SourceDate "1995.02.01"]
[SourceVersion "1"]
[SourceVersionDate "1995.02.01"]
[SourceQuality "1"]

1. d4 d5 2. c4 e6 3. Nc3 c5 4. cxd5 exd5 5. Nf3 Nc6 6. g3 Nf6 7. Bg2 Be7 8. 0-0 0-0 9. Bg5 cxd4 10. Nxd4 h6 11. Be3 Re8 12. Qb3 Na5 13. Qc2 Bg4 14. h3 Bd7 15. Rad1 Rc8 16. Nf5 Bc5 17. Bxd5 Nxd5 18. Rxd5 Bxe3 19. Nxe3 Qc7 20. Kh2 Be6 21. Rd4 Bxa2 22. Qd3 Be6 23. Rd1 Nc6 24. Rd6 Qa5 25. Ncd5 Qc5 26. Nf4 Ne5 27. Qd4 Bb3 28. Qxc5 1/2-1/2

[Event "Groningen op"]
[Site "Groningen"]
[Date "1994.??.??"]
[Round "2"]
[White "Szekely, Peter"]
[Black "De Boer, Gert Jan"]
[Result "1/2-1/2"]
[WhiteElo "2490"]
[BlackElo "2435"]
[PlyCount "54"]
[EventDate "1994.12.??"]
[EventType "swiss"]
[EventRounds "11"]
[EventCountry "NED"]
[SourceTitle "EXT 1997"]
[Source "ChessBase"]
[SourceDate "1996.11.15"]
[SourceVersion "1"]
[SourceVersionDate "1996.11.15"]
[SourceQuality "1"]

1. Nf3 Nf6 2. c4 c5 3. g3 b6 4. Bg2 Bb7 5. 0-0 e6 6. Nc3 Be7 7. d4 cxd4 8. Qxd4 d6 9. b3 0-0 10. Rd1 Nbd7 11. e4 a6 12. Ba3 Nc5 13. e5 dxe5 14. Qxd8 Rfxd8 15. Nxe5 Bxg2 16. Kxg2 Rdc8 17. Na4 Rab8 18. Bxc5 bxc5 19. Nd7 Rb7 20. Ndxc5 Rxc5 21. Nxc5 Bxc5 22. Rd8+ Bf8 23. Rad1 Ra7 24. Rc8 Nd7 25. Rd8 Nf6 26. Rc8 Nd7 27. Rd8 Nf6 1/2-1/2

[Event "Hoogovens op"]
[Site "Wijk aan Zee"]
[Date "1993.01.??"]
[Round "1"]
[White "De Boer, Gert Jan"]
[Black "Van der Wiel, John"]
[Result "1/2-1/2"]
[WhiteElo "2430"]
[BlackElo "2555"]
[PlyCount "69"]
[EventDate "1993.01.??"]
[EventType "swiss"]
[EventRounds "12"]
[EventCountry "NED"]
[SourceTitle "CBM 034"]
[Source "ChessBase"]
[SourceDate "1993.06.01"]
[SourceVersion "1"]
[SourceVersionDate "1993.06.01"]
[SourceQuality "1"]

1. Nf3 d6 2. d4 Nf6 3. c4 Nbd7 4. Nc3 c6 5. e4 e5 6. Be2 Be7 7. 0-0 0-0 8. Re1 Qc7 9. Bf1 a6 10. h3 b5 11. a3 Re8 12. Bg5 Bb7 13. Rc1 Qb8 14. b4 Nf8 15. d5 N8d7 16. a4 bxc4 17. Bxc4 cxd5 18. Nxd5 Nxd5 19. Bxd5 Bxd5 20. Qxd5 Bxg5 21. Nxg5 Rf8 22. Red1 Qxb4 23. Qxd6 Qxd6 24. Rxd6 Nf6 25. Rc4 Rfd8 26. Rxd8+ Rxd8 27. Rc7 h6 28. Nxf7 Rd1+ 29. Kh2 Nxe4 30. f3 Nd2 31. Nxe5 Ra1 32. h4 Rxa4 33. Kh3 g5 34. hxg5 hxg5 35. Ng4 1/2-1/2

[Event "Hoogovens op"]
[Site "Wijk aan Zee"]
[Date "1993.01.??"]
[Round "12"]
[White "Wolff, Patrick G"]
[Black "De Boer, Gert Jan"]
[Result "1-0"]
[WhiteElo "2580"]
[BlackElo "2430"]
[PlyCount "117"]
[EventDate "1993.01.??"]
[EventType "swiss"]
[EventRounds "12"]
[EventCountry "NED"]
[SourceTitle "CBM 034"]
[Source "ChessBase"]
[SourceDate "1993.06.01"]
[SourceVersion "1"]
[SourceVersionDate "1993.06.01"]
[SourceQuality "1"]

1. e4 c5 2. Nf3 e6 3. d4 cxd4 4. Nxd4 Nc6 5. Nc3 Qc7 6. Be2 a6 7. 0-0 Nf6 8. Be3 Be7 9. f4 d6 10. a4 0-0 11. Kh1 Re8 12. Qd2 Bd7 13. Rad1 Rad8 14. Bf3 Na5 15. Qe1 Nc4 16. Bc1 e5 17. Nde2 b5 18. b3 Nb6 19. axb5 axb5 20. Be3 Rb8 21. Rd2 Bf8 22. Qd1 b4 23. Na2 exf4 24. Bxf4 Nxe4 25. Rd4 Nc3 26. Naxc3 bxc3 27. Rxd6 Qa7 28. Rd3 Rbc8 29. Rxc3 Rxc3 30. Nxc3 Be6 31. Nb5 Qa5 32. Nc7 Re7 33. Nxe6 Rxe6 34. Qd2 Qa3 35. h3 Qb2 36. Qd3 Re7 37. Be3 Nd7 38. Bd4 Qa3 39. Bd5 Qd6 40. c4 Nf6 41. Bf3 Rd7 42. Rd1 Qg3 43. Qe2 h5 44. c5 Rxd4 45. Rxd4 Bxc5 46. Rd8+ Bf8 47. Qe7 Nh7 48. b4 g6 49. b5 Kg7 50. Rxf8 Nxf8 51. b6 Ne6 52. Qb4 Qb8 53. b7 Nc7 54. Qd4+ Kg8 55. Qd6 Kg7 56. Bd5 h4 57. Qe5+ f6 58. Qd6 Kh6 59. Be4 1-0

[Event "Tilburg"]
[Site "Tilburg"]
[Date "1993.??.??"]
[Round "1"]
[White "De Boer, Gert Jan"]
[Black "Damljanovic, Branko"]
[Result "0-1"]
[WhiteElo "2435"]
[BlackElo "2570"]
[PlyCount "54"]
[EventDate "1993.11.??"]
[EventType "k.o."]
[EventRounds "7"]
[EventCountry "NED"]
[SourceTitle "CBM 039"]
[Source "ChessBase"]
[SourceDate "1994.04.01"]
[SourceVersion "1"]
[SourceVersionDate "1994.04.01"]
[SourceQuality "1"]

1. d4 d6 2. Nf3 Nf6 3. c4 c6 4. Nc3 Bg4 5. e4 Nbd7 6. Be2 e5 7. 0-0 Be7 8. Be3 0-0 9. Qc2 exd4 10. Nxd4 Bxe2 11. Qxe2 g6 12. Rfd1 Re8 13. f3 Bf8 14. Qf2 a6 15. Rac1 Rc8 16. Rc2 Qa5 17. Nb3 Qh5 18. Ne2 Qe5 19. Bf4 Qe6 20. Na5 b6 21. Nd4 Nxe4 22. fxe4 Qg4 23. Rf1 bxa5 24. h3 Qh5 25. Bxd6 Bxd6 26. Qxf7+ Kh8 27. Qxd7 Bc5 0-1

[Event "Hoogovens-B"]
[Site "Wijk aan Zee"]
[Date "1992.01.??"]
[Round "10"]
[White "Cifuentes Parada, Roberto"]
[Black "De Boer, Gert Jan"]
[Result "1-0"]
[WhiteElo "2540"]
[BlackElo "2425"]
[PlyCount "93"]
[EventDate "1992.01.??"]
[EventType "tourn"]
[EventRounds "11"]
[EventCountry "NED"]
[EventCategory "10"]
[SourceTitle "CBM 028"]
[Source "ChessBase"]
[SourceDate "1992.06.01"]
[SourceVersion "1"]
[SourceVersionDate "1992.06.01"]
[SourceQuality "1"]

1. c4 e5 2. Nc3 Nf6 3. Nf3 Nc6 4. e4 Bb4 5. d3 d6 6. g3 Bc5 7. Bg2 Nd4 8. Nxd4 Bxd4 9. 0-0 Bg4 10. Qb3 Qc8 11. Be3 Bxe3 12. fxe3 h5 13. c5 dxc5 14. Nd5 Nd7 15. Ne7 Be6 16. Nxc8 Bxb3 17. axb3 a6 18. Bh3 f6 19. d4 cxd4 20. exd4 Rxc8 21. dxe5 fxe5 22. Rad1 Rd8 23. Rd5 c6 24. Rd6 Nf6 25. Re6+ Kf7 26. Rxe5 Rde8 27. Rg5 Rxe4 28. Bf5 Re3 29. Bg6+ Ke7 30. b4 h4 31. Bb1 Ne8 32. g4 Rf8 33. Bf5 Rf6 34. Bc8 Nd6 35. Rxg7+ Nf7 36. Rd1 Re2 37. Bf5 Kf8 38. Rh7 Kg8 39. Rxh4 Ng5 40. Rd8+ Kg7 41. Rhh8 Rxb2 42. Rdg8+ Kf7 43. Rxg5 Rd6 44. Rh7+ Kf8 45. Rd7 Rxd7 46. Bxd7 Rxb4 47. h4 1-0

[Event "Hoogovens-B"]
[Site "Wijk aan Zee"]
[Date "1992.01.??"]
[Round "5"]
[White "De Boer, Gert Jan"]
[Black "Wolff, Patrick G"]
[Result "1/2-1/2"]
[WhiteElo "2425"]
[BlackElo "2570"]
[PlyCount "162"]
[EventDate "1992.01.??"]
[EventType "tourn"]
[EventRounds "11"]
[EventCountry "NED"]
[EventCategory "10"]
[SourceTitle "CBM 028"]
[Source "ChessBase"]
[SourceDate "1992.06.01"]
[SourceVersion "1"]
[SourceVersionDate "1992.06.01"]
[SourceQuality "1"]

1. Nf3 Nf6 2. c4 c5 3. Nc3 e6 4. g3 Nc6 5. Bg2 d5 6. cxd5 Nxd5 7. 0-0 Be7 8. d4 0-0 9. Nxd5 exd5 10. dxc5 Bxc5 11. a3 Bf5 12. b4 Bb6 13. Ra2 Be4 14. Rd2 Qe7 15. Bb2 Rfe8 16. Qa1 f6 17. Rfd1 Rac8 18. e3 Red8 19. Bc3 Qe8 20. Qb2 Ne7 21. Bd4 Nf5 22. Bxb6 axb6 23. Ne1 Kf8 24. Qb3 Ne7 25. Nd3 Ng6 26. b5 Bxg2 27. Kxg2 d4 28. Qb4+ Kg8 29. exd4 Qe4+ 30. f3 Qd5 31. Rc1 Rxc1 32. Nxc1 Ne5 33. Qb3 Qxb3 34. Nxb3 Nc4 35. Ra2 Re8 36. Kf2 Kf7 37. a4 Ra8 38. d5 Ke7 39. Nd4 g6 40. Ne6 Kd6 41. h4 Ne5 42. Ke2 Rc8 43. f4 Nc4 44. f5 gxf5 45. Nf4 Ne5 46. Kf2 Rc3 47. Kg2 h6 48. Ne2 Rc4 49. Nf4 Ng4 50. Kg1 Rb4 51. Kg2 Ne5 52. Kh3 Nd7 53. Nh5 Kxd5 54. Rd2+ Rd4 55. Rf2 Rxa4 56. Rxf5+ Ke6 57. g4 Rc4 58. Nf4+ Kd6 59. Rd5+ Ke7 60. Kg3 Ne5 61. g5 hxg5 62. hxg5 Rc3+ 63. Kg2 Rc2+ 64. Kg3 Rc3+ 65. Kg2 Kf7 66. gxf6 Rc5 67. Kg3 Rc3+ 68. Kg2 Kxf6 69. Rd6+ Kf5 70. Ne2 Nc4 71. Rxb6 Nxb6 72. Nxc3 Ke5 73. Kf3 Nd5 74. Ne2 b6 75. Kf2 Ke4 76. Ke1 Kd3 77. Ng3 Nc3 78. Nf5 Nxb5 79. Kd1 Nd4 80. Nd6 Ne2 81. Nf7 Nd4 1/2-1/2

[Event "Hoogovens-B"]
[Site "Wijk aan Zee"]
[Date "1992.01.??"]
[Round "11"]
[White "Winants, Luc"]
[Black "De Boer, Gert Jan"]
[Result "0-1"]
[WhiteElo "2515"]
[BlackElo "2425"]
[PlyCount "175"]
[EventDate "1992.01.??"]
[EventType "tourn"]
[EventRounds "11"]
[EventCountry "NED"]
[EventCategory "10"]
[SourceTitle "CBM 028"]
[Source "ChessBase"]
[SourceDate "1992.06.01"]
[SourceVersion "1"]
[SourceVersionDate "1992.06.01"]
[SourceQuality "1"]

1. c4 e5 2. Nc3 Nf6 3. Nf3 Nc6 4. g3 d5 5. cxd5 Nxd5 6. Bg2 Nb6 7. 0-0 Be7 8. a3 0-0 9. b4 Re8 10. d3 Bf8 11. Bb2 Bg4 12. Nd2 Qd7 13. Re1 Rab8 14. Nb3 Nd4 15. Rc1 c6 16. Ne4 Rbd8 17. Nec5 Bxc5 18. Nxc5 Qe7 19. Nb3 Qg5 20. Nxd4 exd4 21. Rc5 Qh6 22. b5 Qd6 23. Rg5 f5 24. bxc6 bxc6 25. h3 Qf6 26. Rxg4 fxg4 27. hxg4 Qe6 28. Bf3 c5 29. Kg2 c4 30. Rh1 c3 31. Bc1 Rf8 32. Be4 g6 33. g5 Qf7 34. f3 Rfe8 35. Rh4 Rc8 36. Qg1 Red8 37. f4 Na4 38. f5 gxf5 39. Rf4 Rc5 40. g4 Qg7 41. Rxf5 Rxf5 42. gxf5 Nc5 43. f6 Qd7 44. Bf3 Nb3 45. Bf4 c2 46. Qh1 Qf5 47. Qh5 c1Q 48. Bxc1 Nxc1 49. Be4 Nxe2 50. Qh6 Nf4+ 51. Kf3 Qh3+ 52. Kxf4 Qxh6 53. gxh6 Kf7 54. Ke5 Re8+ 55. Kf5 Rd8 56. Bf3 Rd6 57. Bh5+ Kf8 58. Bd1 Rb6 59. Ke5 Rb1 60. Bf3 Rb3 61. Be4 Rxa3 62. Bxh7 Ra5+ 63. Kxd4 Rh5 64. Be4 Rxh6 65. Kc5 Rxf6 66. d4 Ke7 67. Bc6 Rf1 68. Kb5 Kd6 69. d5 Rb1+ 70. Ka6 Ra1+ 71. Kb5 Ra2 72. Ba8 Kc7 73. Bc6 a6+ 74. Kb4 Ra1 75. Be8 Rd1 76. Bf7 Kd6 77. Be6 Rd4+ 78. Ka3 Kc5 79. Kb3 Rd1 80. Kc2 Rg1 81. Kb3 Rg3+ 82. Kb2 Re3 83. Bf7 Kb4 84. Bg8 Re2+ 85. Kb1 Kc3 86. Bf7 Rb2+ 87. Ka1 Kb3 88. Bg6 0-1

[Event "Groningen op"]
[Site "Groningen"]
[Date "1992.??.??"]
[Round "9"]
[White "De Boer, Gert Jan"]
[Black "Lerner, Konstantin Z"]
[Result "1-0"]
[WhiteElo "2430"]
[BlackElo "2530"]
[PlyCount "103"]
[EventDate "1992.??.??"]
[EventType "swiss"]
[EventRounds "9"]
[EventCountry "NED"]
[SourceTitle "EXT 1997"]
[Source "ChessBase"]
[SourceDate "1996.11.15"]
[SourceVersion "1"]
[SourceVersionDate "1996.11.15"]
[SourceQuality "1"]

1. Nf3 c5 2. c4 Nf6 3. Nc3 Nc6 4. d4 cxd4 5. Nxd4 e6 6. Ndb5 d5 7. Bf4 e5 8. cxd5 exf4 9. dxc6 bxc6 10. Qxd8+ Kxd8 11. Rd1+ Bd7 12. Nd6 Kc7 13. Nxf7 Rg8 14. Ne5 Rb8 15. Nxd7 Nxd7 16. g3 g5 17. b3 Bb4 18. Rc1 Rg6 19. Bg2 Re8 20. a3 Bxc3+ 21. Rxc3 Kb6 22. h4 h6 23. hxg5 hxg5 24. gxf4 gxf4 25. Bf3 Ne5 26. Be4 Rd6 27. f3 a5 28. Rh5 Rf6 29. b4 axb4 30. axb4 Nd7 31. Rd3 Re7 32. Rd4 Ne5 33. Kd2 Rd7 34. Kc3 Re7 35. Rf5 Rff7 36. Rxf7 Rxf7 37. Rd6 Re7 38. Rf6 Kb5 39. Rxf4 c5 40. Rf5 Nd7 41. bxc5 Nxc5 42. Kd4 Rc7 43. Rd5 Kb4 44. Rd6 Nb3+ 45. Ke5 Nc1 46. e3 Rc3 47. Rb6+ Ka5 48. Rc6 Rxc6 49. Bxc6 Kb6 50. Kd6 Ne2 51. f4 Ng3 52. e4 1-0

[Event "Groningen op"]
[Site "Groningen"]
[Date "1992.??.??"]
[Round "7"]
[White "De Boer, Gert Jan"]
[Black "Malisauskas, Vidmantas"]
[Result "1-0"]
[WhiteElo "2430"]
[BlackElo "2530"]
[PlyCount "81"]
[EventDate "1992.??.??"]
[EventType "swiss"]
[EventRounds "9"]
[EventCountry "NED"]
[SourceTitle "EXT 1997"]
[Source "ChessBase"]
[SourceDate "1996.11.15"]
[SourceVersion "1"]
[SourceVersionDate "1996.11.15"]
[SourceQuality "1"]

1. Nf3 Nf6 2. c4 g6 3. Nc3 Bg7 4. e4 d6 5. d4 0-0 6. Be2 e5 7. Be3 Ng4 8. Bg5 f6 9. Bc1 Na6 10. 0-0 Nh6 11. Rb1 Nf7 12. d5 c5 13. dxc6 bxc6 14. b4 Nc7 15. Nd2 f5 16. f3 Ne6 17. Kh1 Nd4 18. Nb3 Be6 19. Be3 Nxe2 20. Qxe2 f4 21. Bg1 Qc8 22. Rfd1 Rd8 23. Rbc1 g5 24. Na5 g4 25. Nd5 Re8 26. b5 gxf3 27. gxf3 Bxd5 28. cxd5 c5 29. Qg2 Kh8 30. Bf2 Rg8 31. Bh4 Qd7 32. Nc6 Rae8 33. Rg1 Nh6 34. Rc4 Qf7 35. Qg5 Ra8 36. Ra4 Rge8 37. Ra6 Ng8 38. Na5 Bf8 39. Nc4 Be7 40. Nxd6 Bxd6 41. Rxd6 1-0

[Event "NED-ch47 sf"]
[Site "Enschede"]
[Date "1991.11.03"]
[Round "3"]
[White "Klarenbeek, Hans"]
[Black "De Boer, Gert Jan"]
[Result "1-0"]
[WhiteElo "2370"]
[BlackElo "2430"]
[PlyCount "133"]
[EventDate "1991.11.01"]
[EventType "swiss"]
[EventRounds "9"]
[EventCountry "NED"]
[SourceTitle "EXT 1997"]
[Source "ChessBase"]
[SourceDate "1996.11.15"]
[SourceVersion "1"]
[SourceVersionDate "1996.11.15"]
[SourceQuality "1"]

1. d4 Nf6 2. c4 e6 3. Nc3 Bb4 4. Qc2 0-0 5. a3 Bxc3+ 6. Qxc3 b6 7. Bg5 Bb7 8. f3 h6 9. Bh4 d5 10. e3 Nbd7 11. cxd5 exd5 12. Bd3 c5 13. Ne2 Ne4 14. Bxd8 Nxc3 15. bxc3 Rfxd8 16. a4 Nf8 17. Kd2 Ne6 18. Rhb1 Bc6 19. Bb5 Bb7 20. Bd3 Bc6 21. h4 Kf8 22. g4 Rab8 23. f4 Nc7 24. g5 hxg5 25. hxg5 g6 26. Rh1 Kg7 27. f5 gxf5 28. Ng3 Bd7 29. Bxf5 Be6 30. Rh7+ Kf8 31. g6 fxg6 32. Bxg6 Rd7 33. Rf1+ Kg8 34. Rfh1 Rbd8 35. Nf5 Rxh7 36. Rxh7 Rd7 37. Rh5 Bxf5 38. Bxf5 Re7 39. Rh6 Kf7 40. dxc5 bxc5 41. Rc6 c4 42. Ke2 Ne6 43. Bxe6+ Rxe6 44. Rc5 Ra6 45. Rxd5 Rxa4 46. e4 Ra3 47. Kd2 Ke6 48. Rc5 Ra4 49. Ke3 Kd6 50. Kd4 Ra1 51. Rd5+ Ke6 52. Rh5 Ra4 53. Rh6+ Kd7 54. Kd5 Ra5+ 55. Kxc4 Ra4+ 56. Kd5 Ra5+ 57. Kd4 Ra4+ 58. c4 Ra5 59. Rh7+ Ke6 60. e5 Ra1 61. Rh6+ Ke7 62. Kd5 Rd1+ 63. Kc6 a5 64. Kb5 Re1 65. Kxa5 Rxe5+ 66. Kb6 Re1 67. c5 1-0

[Event "NED-ch46"]
[Site "Eindhoven"]
[Date "1991.06.21"]
[Round "10"]
[White "Piket, Jeroen"]
[Black "De Boer, Gert Jan"]
[Result "1-0"]
[WhiteElo "2590"]
[BlackElo "2430"]
[PlyCount "89"]
[EventDate "1991.06.10"]
[EventType "tourn"]
[EventRounds "11"]
[EventCountry "NED"]
[EventCategory "9"]
[SourceTitle "CBM 026"]
[Source "ChessBase"]
[SourceDate "1992.02.01"]
[SourceVersion "1"]
[SourceVersionDate "1992.02.01"]
[SourceQuality "1"]

1. d4 Nf6 2. Nf3 g6 3. Bg5 Bg7 4. Nbd2 d5 5. e3 0-0 6. Be2 Nbd7 7. 0-0 Re8 8. c4 c5 9. cxd5 Nxd5 10. Qb3 N5f6 11. Rac1 cxd4 12. Nxd4 Qa5 13. N2f3 a6 14. Bc4 Rf8 15. Qc2 Nb6 16. Bb3 e5 17. Bxf6 Bxf6 18. Ne2 Bf5 19. e4 Rac8 20. Nc3 Bg4 21. Qe2 Kg7 22. h3 Bd7 23. Rfd1 Bc6 24. Qe3 Rfd8 25. h4 Qb4 26. h5 a5 27. h6+ Kg8 28. Ng5 Be8 29. Rxd8 Rxd8 30. Nd5 Nxd5 31. Bxd5 Qe7 32. Nf3 Qb4 33. Rc7 Rd7 34. Rc8 Rd8 35. Rxd8 Bxd8 36. Nxe5 Qxb2 37. Qf4 g5 38. Qf5 Qc1+ 39. Kh2 Qc7 40. f4 Qe7 41. g3 gxf4 42. gxf4 Kh8 43. Bxf7 Qh4+ 44. Kg2 Bb5 45. Bc4 1-0